Biblioteka Instytutu Północnego w Olsztynie

Widok standardowy Widok MARC

Pozycja Personal Name

Liczba rekordów, w których użyto hasła: 1

001 - Numer kontrolny

  • control field: 41002

003 - Identyfikator numeru kontrolnego

  • control field: NUKAT

005 - Data i czas ostatniej modyfikacji

  • control field: 20260430121923.0

008 - Dane kontrolne kodowane (40 znaków)

  • fixed length control field: 190213n||a|znnaabn |a aaa |c

010 ## - Numer kontrolny Biblioteki Kongresu

  • numer kontrolny LC: n 2019203282

040 ## - Instytucja sporządzająca rekord

  • inst. przygot. dane do rek. khw: WA M/AH
  • język haseł przedmiotowych/tezaurus: kaba
  • inst. wprow. rek. khw: WA M/AH

100 1# - Hasło - nazwa osobowa

  • nazwa osobowa w formie ujednoliconej: Surdy, Grzegorz
  • daty biograficzne: (1962- ).

670 ## - Źródło informacji

  • źródło informacji: Kp. Solidarność Walcząca we wspomnieniach / Grzegorz Surdy, Krzysztof Brożek. - Kraków ; [Pawlikowice], 2018.
  • gdzie znaleziono informację: Nota o aut.

670 ## - Źródło informacji

  • źródło informacji: Encyklopedia Solidarności, 13.02.19
  • adres internetowy: http://www.encysol.pl/wiki/Grzegorz_Surdy

675 ## - Źródło nie podające informacji

  • wskazanie źródła: BNPol online
Biblioteka Instytutu Północnego, ul. Partyzantów 87, 10-402 Olsztyn, email: biblioteka(at)ip.olsztyn.pl